00220nam a2200085Ia 4500008004100000082001600041245005900057260000900116650000900125221030s9999 xx 000 0 und d a105.23bMCA 0aWeb Database Development Step by Step. Net EditionbCD c2002 aBook